• 首页
  • 本馆介绍
  • 公告通知
  • 最新文献
  • 馆藏检索
  • 电子资源
  • 读者导购
  • 参考咨询
  • 我的图书馆
  • 登录
  • 详细信息显示
  • 放入我的书架
  • 预约/预借图书
  • 作者相关作品
  • 分类相关作品
  • 丛书相关作品
  • 出版社相关作品

书目信息

  • 表格格式
  • 工作单格式
  • 卡片格式
题名:
东观余论
    
 
作者: 黄伯思 撰
分册:  
出版信息: 北京   中国书店  2018
页数: 356页
开本: 27cm
丛书名: 钦定四库全书
单 册:
中图分类: J292.112.5
科图分类:
主题词: 书法理论--中国--北宋
电子资源:
ISBN: 978-7-5149-2078-9
000 01024oam2 2200289 450
001 012001011950
005 20140103135635.0
010    @a978-7-5149-2078-9@dCNY88.00
100    @a20181129e2018 em y0chiy50 ea
101 0  @achi
102    @aCN@b110000
105    @ay z 000yy
106    @ar
200 1  @a东观余论@9dong guan yu lun@f(宋)黄伯思撰
205    @a[影印版]
210    @a北京@c中国书店@d2018
215    @a356页@d27cm
225 1  @a钦定四库全书@i子部
300    @a四库全书·杂家类
330    @a黄伯思《东观余论》是北宋时期一部著名的书学著作,此书乃黄氏卒后,其子在原《法帖刊误》一书的基础上,广录黄伯思生前审证金石、考核艺文之作二百余篇而成。上卷《法帖刊误》为其独立成书的著作,按淳化阁帖十卷顺序依次考评,下卷为零散的书画、古器物、校书序文等题跋文章。
461  0 @12001 @a钦定四库全书
462  0 @12001 @a子部
606 0  @a书法理论@y中国@z北宋
690    @aJ292.112.5@v5
701  0 @c(宋)@a黄伯思@9huang bo si@4撰
801  0 @aCN@b上海新华@c20191020
905    @b1139130-1@dJ292.112.5@e640@f2
    
    东观余论/(宋)黄伯思撰.-[影印版].-北京:中国书店,2018
    356页;27cm.-(钦定四库全书.子部)
    四库全书·杂家类
    
    ISBN 978-7-5149-2078-9:CNY88.00
    黄伯思《东观余论》是北宋时期一部著名的书学著作,此书乃黄氏卒后,其子在原《法帖刊误》一书的基础上,广录黄伯思生前审证金石、考核艺文之作二百余篇而成。上卷《法帖刊误》为其独立成书的著作,按淳化阁帖十卷顺序依次考评,下卷为零散的书画、古器物、校书序文等题跋文章。
●
相关链接 在E读中查询图书 在五车中查询图书 在当当中查询图书 在豆瓣中查询图书


正题名:东观余论     索取号:J292.112.5/640         预约/预借

序号 登录号 条形码 馆藏地/架位号 状态 备注
1 1139130   211391304   第一样本阅览室/ [索取号:J292.112.5/640] 在馆    
2 1139131   211391313   第一借阅区/ [索取号:J292.112.5/640] 在馆    
唐山师范学院图书馆 欢迎您!
大连网信软件有限公司© 版权所有